000 00595nam a2200193Ia 4500
003 GCL
008 140319s9999 xx 000 0 ara d
040 _aGCL /
_cGCL
082 0 4 _a813.08
_bص ك
100 1 _aصالح مرسى
245 1 0 _aالكداب /
_cصالح مرسى
250 _aالثانية
260 _aالقاهرة :
_bابوللو للنشر والتوزيع ،
_c1988
300 _a234 ص ؛
_c18 سم
490 _aالاعمال الكاملة لصالح مرسى
_v0
650 0 4 _aالادب العربى
650 0 4 _aالقصص العربية
942 _2ddc
_cBK
999 _c36651
_d36651